000 00275 a2200121 4500
001 120091
020 _a9788506064603
040 _cEscola Canadense de Niteroi
090 _aN1
100 _aCardias, J.
245 1 0 _aNinho de Poesias - Poemas de amor à vida
942 _cBK
999 _c120091
_d120091